History Quiz

Random History or Nation Quiz

Where Was I Dictator? Quiz Stats

Quiz Updated Mar 9, 2016

Challenge
Share
Tweet
Score 0/20 Timer 05:00
14 Plays Today
% Correct
Stalin
98.7%
Mussolini
97.9%
Napoleon
96.8%
Mao
96.4%
Hitler
94.9%
Kim
89.9%
Franco
85.1%
Papadopoulos
83.8%
Hussein
80.3%
Gaddafi
78.4%
% Correct
Hồ
72.8%
Pot
72.7%
Khomeini
67.4%
Ceaușescu
61.1%
Pinochet
52.5%
Mugabe
47.5%
Marcos
42.5%
Suharto
41.4%
Amin
38.1%
Díaz
23%

You're not logged in!

Compare scores with friends on all Sporcle quizzes.
Join for Free
OR
Log In

You Might Also Like...

Show Comments

Extras

Top Quizzes Today


Score Distribution

Your Account Isn't Verified!

In order to create a playlist on Sporcle, you need to verify the email address you used during registration. Go to your Sporcle Settings to finish the process.

Report this User

Report this user for behavior that violates our Community Guidelines.

Details: